AH International Schools' Libraries

Human body: book, magnets and board / (Record no. 49022)

MARC details
000 -LEADER
fixed length control field 00325nam a22001097a 4500
008 - FIXED-LENGTH DATA ELEMENTS--GENERAL INFORMATION
fixed length control field 250722b |||||||| |||| 00| 0 eng d
020 ## - INTERNATIONAL STANDARD BOOK NUMBER
International Standard Book Number 9780655227557
245 ## - TITLE STATEMENT
Title Human body: book, magnets and board /
260 ## - PUBLICATION, DISTRIBUTION, ETC. (IMPRINT)
Place of publication, distribution, etc Australia
Name of publisher, distributor, etc Lake Press
Date of publication, distribution, etc 2022
300 ## - PHYSICAL DESCRIPTION
Extent 16 pages
Other physical details col. ill.
Dimensions 22.6cm x 0.5cm x 27.4cm
942 ## - ADDED ENTRY ELEMENTS (KOHA)
Source of classification or shelving scheme
Koha item type Book
Holdings
Withdrawn status Lost status Source of classification or shelving scheme Damaged status Not for loan Collection code Home library Current library Shelving location Date acquired Full call number Barcode Date last seen Price effective from Koha item type
          Non-Fiction Asian Hope Siem Reap Asian Hope Siem Reap Non Fiction 07/22/2025 612 HUM 209055 07/22/2025 07/22/2025 Book

For any Logos Library related questions please contact Miss Art at swongnarasuk@asianhope.org.

For any Asian Hope Library related questions please contact Miss Raza at graza@asianhope.org.

Powered by Koha